000 00400 a2200181 4500
001 124879
020 _a9788541810319
040 _cEscola Canadense de Niteroi
100 _aCristiana Reis Figueira
245 1 0 _aMundo Amigo História 5
250 _a3 ed
260 _aSão Paulo
300 _a168 p.
_bil.
362 0 _a2015
490 0 _aMundo Amigo
650 4 _aHistória
942 _cBK
999 _c124879
_d124879